000 00902cam a2200241a 44500
003 OSt
005 20150408113727.0
008 030313s1999 le g 00000 ara dd
040 _amu
_bara
_cmb
041 _aعربي
072 _a025
_xالقرآن الكريم وعلومه ومباحثه
082 0 4 _a223.6
092 _a223.6
100 1 _aالواحدي، علي بن أحمد بن محمد،
_dت. 468 هـ.
_9217
245 1 0 _aأسباب النزول /
_cلأبي الحسن علي بن أحمد الواحدي النيسابوري ؛ دراسة وتحقيق السيد الجميلي.
250 _aط. 7.
260 _aبيروت
_bدار الكتاب العربي،
_c1419 = 1999
300 _a412 ص. ؛
_c25 سم. 7
630 _aالقرآن
_xنزول
_2aucsh. 7
_9218
630 _aالقرآن
_xترتيب
_2aucsh. 7
_9470
650 _aجمع القرآن
_2aucsh.\\
_9471
942 _2ddc
_cDVD
999 _c1356
_d235856